Fundamentals of WATERCOLOUR PAINTING (Record no. 18828)

MARC details
000 -LEADER
fixed length control field 00503nam a22001817a 4500
005 - DATE AND TIME OF LATEST TRANSACTION
control field 20230705133327.0
008 - FIXED-LENGTH DATA ELEMENTS--GENERAL INFORMATION
fixed length control field 230705b |||||||| |||| 00| 0 eng d
020 ## - INTERNATIONAL STANDARD BOOK NUMBER
ISBN 9781782122333
082 ## - DEWEY DECIMAL CLASSIFICATION NUMBER
Classification number 751.422
Item number FEN-T
100 ## - MAIN ENTRY--AUTHOR
Author Name Fenwick:Keith
245 ## - TITLE STATEMENT
Title Fundamentals of WATERCOLOUR PAINTING
Remainder of title A complete course in techniques, subjects and styles
260 ## - PUBLICATION, DISTRIBUTION, ETC.
Place of Publication London
Name of publisher, distributor, etc. ARCTURUS
Date of publication, distribution, etc. 2013
300 ## - PHYSICAL DESCRIPTION
Pages 128
500 ## - GENERAL NOTE
General note INCLUDE INDEX
650 ## - SUBJECT ADDED ENTRY--TOPICAL TERM
Subject / Department Architecture
700 ## - ADDED ENTRY--PERSONAL NAME
Personal name Keith Fenwick
952 ## - LOCATION AND ITEM INFORMATION (KOHA)
-- 0
-- 0
Holdings
Lost status Damaged status Permanent Location Current Location Shelving Location Date acquired Full Call Number Accession No./Barcode Date last seen item type
    Superior Information Resource Center (SIRC) Superior University- Central Library Superior Information Resource Center (SIRC) Superior University- Central Library Architecture 07/05/2023 751.422 FEN-T 2013 4927 07/05/2023 BOOK

Powered by Koha